La Escuela Superior de Guerra, en contínuo contacto con el pensamiento revolucionario mexicano /

Shranjeno v:
Bibliografske podrobnosti
Glavni avtor: Echeverría Alvarez, Luis (autor)
Format: Knjiga
Jezik:španščina
Izdano: México : Sindicato de los Trabajadores de El Nacional, 1972
Oznake: Označite
Brez oznak, prvi označite!

MARC

LEADER 00000nam^a2200000^a^4500
001 000436451
005 20250526000000.0
009 20260310123157.032
037 |a Acervo ITESO - Biblioteca 
041 |a ESP 
091 |a FHM. 08147 
100 |a Echeverría Alvarez, Luis  |e (autor) 
245 1 3 |a La Escuela Superior de Guerra, en contínuo contacto con el pensamiento revolucionario mexicano / 
264 1 |a México :  |b Sindicato de los Trabajadores de El Nacional,  |c 1972 
300 |a [8] p. ;  |c 20.0 cm. 
336 |a texto  |b txt  |2 rdacontenido 
337 |a sin mediación  |b n  |2 rdamedio 
338 |a volumen  |b nc  |2 rdasoporte 
649 |a XX 
910 |a Fondo Hugo B. Margáin 
920 |a Impresos - Libros 
930 |a Libros Antiguos y Raros 
905 |a 126 
901 |a 0500303743  |b IT2  |c LRA  |i D113362  |u 20250526 
902 |a https://opac.biblio.iteso.mx/vufind/Record/000436451